All Teams to Ever Play a Women's World Cup - Statistics

General Stats
  • This quiz has been taken 547 times
  • The average score is 24 of 32
Answer Stats
# Top Finish Team % Correct
7 Winner United States
99%
7 Winner Japan
97%
7 3rd Place Sweden
96%
7 Runners-up Brazil
94%
6 4th Place Canada
94%
7 Winner Norway
94%
6 2nd Place China
93%
7 Winner Germany
93%
1 Group Stage Spain
93%
6 Quarters Australia
90%
3 4th Place France
90%
4 3rd Place England
89%
2 Group Stage Argentina
88%
3 Group Stage Mexico
88%
2 Quarters Italy
86%
1 Round of 16 Netherlands
86%
2 Round of 16 South Korea
85%
4 Group Stage New Zealand
82%
2 Quarters Russia
81%
2 Round of 16 Colombia
78%
4 Quarters Denmark
77%
1 Round of 16 Switzerland
77%
7 Group Stage Nigeria
73%
4 Quarters North Korea
60%
1 Round of 16 Cameroon
54%
1 Group Stage Thailand
50%
3 Group Stage Ghana
49%
1 Group Stage Costa Rica
46%
1 Group Stage Ecuador
45%
1 Group Stage Côte d'Ivoire
41%
1 Quarters Taiwan
25%
1 Group Stage Equatorial Guinea
12%
No matching quizzes found
Score Distribution
Percent of People with Each Score
Percentile by Number Answered
Your Score History
You have not taken this quiz